Central Library OPAC University of Rajshahi

India's intellectual traditions : (Record no. 31528)

MARC details
000 -LEADER
fixed length control field 01130cam a2200301 a 4500
001 - CONTROL NUMBER
control field 31528
003 - CONTROL NUMBER IDENTIFIER
rucl marc code BD-RjUL
005 - DATE AND TIME OF LATEST TRANSACTION
control field 20211209051719.0
008 - FIXED-LENGTH DATA ELEMENTS--GENERAL INFORMATION
fixed length control field 140420s1987 ii b f001 0 eng d
020 ## - INTERNATIONAL STANDARD BOOK NUMBER
International Standard Book Number 8120803892 :
035 ## - SYSTEM CONTROL NUMBER
System control number (BD-RjUL)31616
040 ## - CATALOGING SOURCE
Original cataloging agency DLC
Transcribing agency DLC
Modifying agency DLC
-- BD-RjUL
Language of cataloging eng
041 ## - LANGUAGE CODE
Language code of text/sound track or separate title eng
082 00 - DEWEY DECIMAL CLASSIFICATION NUMBER
Classification number 181.4
Edition number 20
Author mark and year IND 1987
245 00 - TITLE STATEMENT
Title India's intellectual traditions :
Remainder of title attempts at conceptual reconstructions /
Statement of responsibility, etc. edited by Daya Krishna.
260 ## - PUBLICATION, DISTRIBUTION, ETC. (IMPRINT)
Place of publication, distribution, etc. New Delhi :
Name of publisher, distributor, etc. Indian Council of Philosophical Research :
Place of publication, distribution, etc. Delhi :
Name of publisher, distributor, etc. Motilal Banarsidass,
Date of publication, distribution, etc. 1987.
300 ## - PHYSICAL DESCRIPTION
Pagination xxvii, 200 p. ;
Size 23 cm.
500 ## - GENERAL NOTE
General note Result of interdisciplinary group meetings held during 1983 sponsored by the Indian Council of Philosophical Research.
504 ## - BIBLIOGRAPHY, ETC. NOTE
Bibliography, etc Includes bibliographical references and Index
650 #0 - SUBJECT ADDED ENTRY--TOPICAL TERM
Topical term or geographic name as entry element Philosophy, Indic
General subdivision History.
9 (RLIN) 92838
Topical term or geographic name as entry element Concepts
General subdivision History.
9 (RLIN) 95961
651 #0 - SUBJECT ADDED ENTRY--GEOGRAPHIC NAME
Geographic name India
General subdivision Intellectual life.
9 (RLIN) 95962
700 1# - ADDED ENTRY--PERSONAL NAME
Personal name Krishna, Daya.
710 2# - ADDED ENTRY--CORPORATE NAME
Corporate name or jurisdiction name as entry element Indian Council of Philosophical Research.
9 (RLIN) 95964
942 ## - ADDED ENTRY ELEMENTS (KOHA)
Source of classification or shelving scheme Dewey Decimal Classification
Koha item type Books
Holdings
Lost status Source of classification or shelving scheme Damaged status Not for loan Collection code Permanent Location Current Location Shelving location Date acquired Source of acquisition Cost, normal purchase price Total Checkouts Full call number Date last seen Copy number Koha item type
  Dewey Decimal Classification   Not For Loan Non-fiction Central Library, University of Rajshahi Central Library, University of Rajshahi Reading Room 24/05/1990 Karim Int. 75.00   181.4 IND 1987 20/04/2014 C-1 Books